000 00687nam a2200205 i 4500
001 132529
003 ES-MaACL
005 20250911063553.0
007 t|
008 070214s1922 mx a |||| | spa d
100 1 _aRomero de Terreros y Vinent, Manuel,
_cMarqués de San Francisco
_9149916
245 1 4 _aThe House of Tiles
_b= (La Casa de los Azulejos) /
_cby the marqués de San Francisco.
246 3 1 _aCasa de los Azulejos
260 _aMéjico :
_bLan,
_c1922.
300 _a42 p. :
_bil. ;
_c16 cm.
610 2 4 _aCasa de los Azulejos (México, Ciudad)
_9149917
650 7 _aArte mexicano
_2embne
_9157024
852 _aES-MaACL
_j1659-F-4
999 _c132529
_d132529